| 000 | 00000nam 2200000zi 4500 |
| 001 | 9.940936 |
| 003 | CaOODSP |
| 005 | 20250403102725 |
| 006 | m o d f |
| 007 | cr cn||||||||| |
| 008 | 240724t20092009oncd obs f000 0 fre d |
| 040 | |aCaOODSP|bfre|erda|cCaOODSP |
| 043 | |an-cn--- |
| 086 | 1 |aCS85-002/29-11F-PDF |
| 100 | 1 |aBeattie, Sara, |eauteur. |
| 245 | 12|aL'homicide au Canada, 2008 / |cpar Sara Beattie. |
| 264 | 1|aOttawa : |bStatistique Canada = Statistics Canada, |c2009. |
| 264 | 4|c©2009 |
| 300 | |a1 ressource en ligne (16 pages) : |bgraphiques. |
| 336 | |atexte|btxt|2rdacontent/fre |
| 337 | |ainformatique|bc|2rdamedia/fre |
| 338 | |aressource en ligne|bcr|2rdacarrier/fre |
| 490 | 1 |aJuristat, |x1205-8882 ; |vVol. 29, no. 4 |
| 500 | |a« octobre 2009. » |
| 500 | |aPublié aussi en anglais sous le titre : Homicide in Canada, 2008. |
| 504 | |aComprend des références bibliographiques (page 16). |
| 520 | |a« Les homicides demeurent rares au Canada, puisqu'ils représentent moins de 1 % de tous les crimes violents déclarés par la police. L'homicide figure parmi les quelques crimes violents qui ont augmenté en 2008; par comparaison, le nombre de tentatives de meurtre a reculé de 10 % » -- Page 6. |
| 650 | 6|aHomicide|zCanada|vStatistiques. |
| 650 | 6|aCrimes violents|zCanada|vStatistiques. |
| 655 | 7|aStatistiques|2rvmgf |
| 710 | 2 |aStatistique Canada, |eorganisme de publication. |
| 775 | 08|tHomicide in Canada, 2008 / |w(CaOODSP)9.940935 |
| 830 | #0|aJuristat,|x1205-8882 ; |vVol. 29, no. 4.|w(CaOODSP)9.936877 |
| 856 | 40|qPDF|s519 Ko|uhttps://publications.gc.ca/collections/collection_2024/statcan/85-002-x/CS85-002-29-11-fra.pdf |
| 856 | 4 |qHTML|sS.O.|uhttps://www150.statcan.gc.ca/n1/pub/85-002-x/2009004/article/10929-fra.htm |
| 986 | |a85-002-X |